Most Mulatto South American Countries - Statistics

General Stats
  • This quiz has been taken 23 times
  • The average score is 9 of 9
Answer Stats
Percent Mulato Answer % Correct
2.5% Bolivia
100%
20% Brazil
100%
8% Colombia
100%
5% Ecuador
100%
2% Peru
100%
4% Uruguay
100%
7.5% Venezuela
100%
3.5% Paraguay
95%
15.5% Suriname
95%
No matching quizzes found
Score Distribution
Percent of People with Each Score
Percentile by Number Answered
Your Score History
You have not taken this quiz